| 000 | 01012cam a2200289 a 4500 | ||
|---|---|---|---|
| 001 | 0000005133 | ||
| 005 | 20170406120403.0 | ||
| 008 | 020828s2002 rh a b 001 0 eng | ||
| 010 | _a 2002345806 | ||
| 020 | _a0797424288 | ||
| 040 |
_aDLC _cDLC _dDLC |
||
| 042 | _aode=LC overseas data entry | ||
| 043 | _af------ | ||
| 050 | 0 | 0 |
_aRA643.86.A35 _bJ33 2002 |
| 082 | 0 | 0 |
_a362.1/969792/0096 _221 |
| 100 | 1 |
_aJackson, Helen, _c(UNFPA Country Technical Advisor) |
|
| 245 | 1 | 0 |
_aAIDS Africa : _bcontinent in crisis / _cHelen Jackson. |
| 260 |
_aAvondale, Harare, Zimbabwe : _bSAFAIDS, _cc2002. |
||
| 300 |
_axxiv, 440 p. : _bcol. ill. ; _c25 cm. |
||
| 504 | _aIncludes bibliographical references (p. 391-411) and index. | ||
| 650 | 0 |
_aAIDS (Disease) _zAfrica. |
|
| 650 | 0 |
_aHIV infections _zAfrica. |
|
| 650 | 0 |
_aAIDS (Disease) _xTreatment _zAfrica. |
|
| 650 | 0 |
_aAIDS (Disease) _zAfrica _xPrevention. |
|
| 710 | 2 | _aSouthern Africa AIDS Information Dissemination Service. | |
| 908 | _a141204 | ||
| 999 |
_c4937 _d4937 |
||